| 000 | 01151cam a22003013a 4500 | ||
|---|---|---|---|
| 001 | 8789 | ||
| 003 | PGUSA | ||
| 005 | 20140828083204.0 | ||
| 008 | 040807s2004||||xxu|||||s|||||000 p eng d | ||
| 040 |
_aPGUSA _beng |
||
| 042 | _adc | ||
| 050 | 4 | _aPQ | |
| 100 | 1 |
_aDante Alighieri, _d1265-1321 |
|
| 245 | 1 | 4 |
_aThe vision of hell. : _bBy Dante Alighieri. Translated by Rev. Henry Francis Cary, M.A. and illustrated with the seventy-five designs of Gustave Doré. _h[electronic resource] / _cDante Alighieri |
| 260 |
_bProject Gutenberg, _c2004 |
||
| 500 | _aPopular edition. With critical and explanatory notes, life of Dante, and chronology. | ||
| 506 | _aPublic domain in the USA. | ||
| 516 | _aElectronic text | ||
| 653 | _aEpic poetry, Italian -- Translations into English | ||
| 653 | _aHell -- Poetry | ||
| 653 | _aItalian poetry -- To 1400 -- Translations into English | ||
| 700 | 1 |
_aDoré, Gustave, _d1832-1883 |
|
| 700 | 1 |
_aCary, Henry Francis, _d1772-1844 |
|
| 740 | 0 | _aThe Divine Comedy by Dante, Illustrated, Hell, Complete | |
| 830 | 0 |
_aProject Gutenberg _v8789 |
|
| 856 | 4 | 0 | _uhttp://www.gutenberg.org/ebooks/8789 |
| 942 | _cEB | ||
| 999 |
_c238076 _d238076 |
||